00526nam a22001817a 4500010001400000020002700014020003100041035001700072035001300089037001900102082000600121100002300127245006700150260002900217270006700246300002000313700001100333 a1617CH-EN a9789382454229c120.00  a9789382454229c95.00 (AV) aB-646660-681 aB-664778 aDPLbStar/Ven. aS aDharmarajan, Geeta aRun Ranga! Run / cby Geeta Dharmarajan; illustrated by Srivi  bKatha c2014aNew Delhi  aA3 Sarvodaya Enclave, Sri Aurobindo Marg, bNew Delhi e110017 a32p.c23cm(pbk) aSrivi